000 00533nam a2200193Ia 4500
005 20250508153746.0
008 008 250505s9999 xx 000 0 eng d
037 _aReference
040 _aFEDL
_beng
_cFEDL
041 _aeng
_2eng
084 _a370.1, GAN
_qFEDL
100 _aAvinashilingam T S
_9433781
245 0 _aGandhiji's experments in education
245 0 _cGovernment of India. Ministry of Education
260 _c1960
300 _aii,86p.
942 _cREF
_h370.1, GAN
999 _c1345275
_d1345275